Computational methods for electromagnetics and microwaves / (Record no. 20723)
[ view plain ]
| 000 -LEADER | |
|---|---|
| fixed length control field | 00961cam a22002655a 4500 |
| 001 - CONTROL NUMBER | |
| control field | 3906910 |
| 005 - DATE AND TIME OF LATEST TRANSACTION | |
| control field | 20151207145317.0 |
| 008 - FIXED-LENGTH DATA ELEMENTS--GENERAL INFORMATION | |
| fixed length control field | 910906t1992 nyua frb 001 0 eng d |
| 020 ## - INTERNATIONAL STANDARD BOOK NUMBER | |
| International Standard Book Number | 0471528048 |
| 020 ## - INTERNATIONAL STANDARD BOOK NUMBER | |
| International Standard Book Number | 9780471528043 |
| 040 ## - CATALOGING SOURCE | |
| Original cataloging agency | DLC |
| Language of cataloging | eng |
| Transcribing agency | DLC |
| Modifying agency | DLC |
| -- | EG-ScBUE |
| -- | EG-ScBUE |
| 082 04 - DEWEY DECIMAL CLASSIFICATION NUMBER | |
| Classification number | 621.3 |
| Item number | BOO |
| Edition number | 22 |
| 100 1# - MAIN ENTRY--PERSONAL NAME | |
| Personal name | Booton, Richard C., |
| Dates associated with a name | 1926- |
| 9 (RLIN) | 38862 |
| 245 10 - TITLE STATEMENT | |
| Title | Computational methods for electromagnetics and microwaves / |
| Statement of responsibility, etc | Richard C. Booton. |
| 260 ## - PUBLICATION, DISTRIBUTION, ETC. (IMPRINT) | |
| Place of publication, distribution, etc | New York : |
| Name of publisher, distributor, etc | A Wiley-Interscience Publication / John Wiley & Sons Ltd, |
| Date of publication, distribution, etc | c.1992. |
| 300 ## - PHYSICAL DESCRIPTION | |
| Extent | x, 182 p. : |
| Other physical details | ill. ; |
| Dimensions | 24 cm. |
| 490 0# - SERIES STATEMENT | |
| Series statement | Wiley series in microwave and optical engineering |
| 500 ## - GENERAL NOTE | |
| General note | Index : p. 181-182.<br/> |
| 504 ## - BIBLIOGRAPHY, ETC. NOTE | |
| Bibliography, etc | Includes bibliographical references. |
| 650 #7 - SUBJECT ADDED ENTRY--TOPICAL TERM | |
| Topical term or geographic name as entry element | Electromagnetism |
| General subdivision | Data processing. |
| Source of heading or term | BUEsh |
| 9 (RLIN) | 37050 |
| 650 #0 - SUBJECT ADDED ENTRY--TOPICAL TERM | |
| Topical term or geographic name as entry element | Microwaves |
| General subdivision | Data processing. |
| Source of heading or term | BUEsh |
| 651 ## - SUBJECT ADDED ENTRY--GEOGRAPHIC NAME | |
| Source of heading or term | BUEsh |
| 653 ## - INDEX TERM--UNCONTROLLED | |
| Resource For college | Engineering, Electrical |
| Arrived date list | August2015 |
| -- | December2015 |
| 942 ## - ADDED ENTRY ELEMENTS (KOHA) | |
| Source of classification or shelving scheme | Dewey Decimal Classification |
| Call number prefix | 621.3 BOO |
| Withdrawn status | Lost status | Source of classification or shelving scheme | Damaged status | Not for loan | Koha collection | Home library | Current library | Shelving location | Date acquired | Source of acquisition | Cost, normal purchase price | Serial Enumeration / chronology | Total Checkouts | Full call number | Barcode | Date last seen | Cost, replacement price | Koha item type |
|---|---|---|---|---|---|---|---|---|---|---|---|---|---|---|---|---|---|---|
| Dewey Decimal Classification | Baccah | Central Library | Central Library | First floor | 27/08/2015 | Purchase | 977.00 | 23317 | 621.3 BOO | 000030724 | 15/07/2025 | 1222.00 | Book - Borrowing |